000 00663cam a22002413a 4500
001 11504
003 PGUSA
005 20140828083237.0
008 040301s2004||||xxu|||||s|||||000 | eng d
040 _aPGUSA
_beng
042 _adc
050 4 _aPS
100 1 _aLeacock, Stephen,
_d1869-1944
245 1 0 _aFurther Foolishness
_h[electronic resource] /
_cStephen Leacock
260 _bProject Gutenberg,
_c2004
506 _aPublic domain in the USA.
516 _aElectronic text
653 _aCanada -- Humor
653 _aCanadian wit and humor
830 0 _aProject Gutenberg
_v11504
856 4 0 _uhttp://www.gutenberg.org/ebooks/11504
942 _cEB
999 _c240759
_d240759